| 000 | 00654nam a2200217 a 4500 | ||
|---|---|---|---|
| 001 | 000022762 | ||
| 005 | 20200930021800.0 | ||
| 008 | 101117s1969 sp 000 0 spa d | ||
| 082 |
_aBNPHU _bspa _cBNPHU |
||
| 082 |
_ann* _bnn* |
||
| 100 | 1 |
_aUnamuno, Miguel de. _946765 |
|
| 245 | 1 | 3 |
_aCancionero : _bantología / _cMiguel de Unamuno ; selección e introducción Antonio Ramos Gascon. |
| 250 | _a2a ed. | ||
| 260 |
_aMadrid : _bTaurus, _c1969. |
||
| 300 |
_a118 p. ; _c18 cm. |
||
| 490 | 1 |
_aTemas de España. _v45 |
|
| 700 | 1 |
_aRamos Gascon, Antonio, _eintrod. _946766 |
|
| 830 | 0 |
_aTemas de España. _v45 _96849 |
|
| 049 | _aBNGR | ||
| 999 |
_c22259 _d22259 |
||
| 040 | _aDO-SdBNP | ||